000 00811nam a2200181Ia 4500
008 151202s9999||||xx |||||||||||||| ||und||
082 _bPNVM-86257
100 _aखांडेकर वि. स. / संपा. लवटे सुनीलकुमार.
245 _aवन्हि तो चेतवावा.
260 _b"मेहता पब्लिशिंग हाऊस,पुणे."
260 _c2012
300 _a84
600 _aखांडेकर वि. स. / संपा. लवटे सुनीलकुमार.
630 _aवन्हि तो चेतवावा.
700 _aखांडेकर वि. स. / संपा. लवटे सुनीलकुमार.
730 _aवन्हि तो चेतवावा.
942 _cBOOK
999 _c1350303
_d1350300